000
00235 a2200109 4500
003
OSt
005
20250901165808.0
008
250320b |||||||| |||| 00| 0 eng d
040
_c
D
245
_a
UA LA FARAJA
_c
W.E. MKUFYA
942
_2
lcc
_c
BK
999
_c
9330
_d
9330